| 000 | 00515nam a22002057a 4500 | ||
|---|---|---|---|
| 005 | 20250725141345.0 | ||
| 008 | 230617b ||||| |||| 00| 0 eng d | ||
| 020 | _a978-0716752516 | ||
| 040 | _cAL | ||
| 041 | _aEnglish | ||
| 082 |
_223 _a150 _bMYEP |
||
| 100 |
_aDavid G Myers _9220167 |
||
| 245 | _aPsychology | ||
| 250 | _a7. | ||
| 260 |
_aNew York _c2003 _bWorth Publishers |
||
| 300 |
_axxx,827p. _bHB _c28x24 cm. |
||
| 650 |
_aPsychology _9124217 |
||
| 700 |
_aMyers David G _9124218 |
||
| 942 |
_2ddc _cDB |
||
| 999 |
_c227560 _d227560 |
||